[Event "Johor op-A 7th"]
[Site "Johor"]
[Date "2022.12.30"]
[Round "7"]
[White "Mahmud, Syarif"]
[Black "Yeoh, Li Tian"]
[Result "0-1"]
[WhiteElo "2119"]
[BlackElo "2530"]
[PlyCount "108"]
[EventDate "2022.12.26"]
[EventType "swiss"]
[EventRounds "9"]
[EventCountry "MAS"]
[SourceTitle "CBM 212 Extra"]
[Source "ChessBase"]
[SourceDate "2023.03.31"]
[SourceVersion "1"]
[SourceVersionDate "2023.03.31"]
[SourceQuality "1"]

1. d4 Nf6 2. c4 c5 3. d5 e6 4. Nc3 exd5 5. cxd5 d6 6. Nf3 g6 7. Bf4 a6 8. a4 Bg7 9. e3 0-0 10. Be2 Nh5 11. Bg5 Qb6 12. Qc1 h6 13. Bh4 Bg4 14. h3 Bxf3 15. Bxf3 Nf6 16. 0-0 Nbd7 17. Bg3 Rfe8 18. Qc2 Ne5 19. Be2 Rac8 20. Rfd1 Qa5 21. f4 Ned7 22. e4 c4 23. Bf3 Qb6+ 24. Kh1 Qb3 25. Qxb3 cxb3 26. Ra3 Nc5 27. e5 Nfd7 28. Bg4 dxe5 29. fxe5 Bxe5 30. Bxd7 Nxd7 31. Bxe5 Rxe5 32. Rxb3 b6 33. Rb4 Kf8 34. d6 Rc6 35. Rbd4 Ke8 36. Nd5 Rc2 37. Nb4 Rce2 38. R1d2 Rxd2 39. Rxd2 a5 40. Nd5 Kd8 41. Kh2 Re6 42. Nc7 Re4 43. Rf2 Ne5 44. Nd5 Rd4 45. Nc3 Rxd6 46. Nb5 Rd3 47. Rf6 Rb3 48. Rxb6 Rxb2 49. Kg3 Rb4 50. Rb8+ Ke7 51. Rb7+ Kf6 52. Nd6 Rxa4 53. Rb6 Ke7 54. Ra6 Ra3+ 0-1

[Event "Bekasi Scua op 1st"]
[Site "Bekasi"]
[Date "2022.01.14"]
[Round "5"]
[White "Mahmud, Syarif"]
[Black "Latifah, Laysa"]
[Result "0-1"]
[WhiteElo "2149"]
[BlackElo "1897"]
[PlyCount "68"]
[EventDate "2022.01.12"]
[EventType "swiss"]
[EventRounds "9"]
[EventCountry "INA"]
[SourceTitle "CBM 206 Extra"]
[Source "ChessBase"]
[SourceDate "2022.03.31"]
[SourceVersion "1"]
[SourceVersionDate "2022.03.31"]
[SourceQuality "1"]

1. f4 d5 2. Nf3 c5 3. g3 Nc6 4. Bg2 Nf6 5. d3 g6 6. c3 Bg7 7. 0-0 0-0 8. Qc2 Qb6 9. Kh1 d4 10. e4 dxe3 11. Bxe3 Ng4 12. Bg1 e5 13. fxe5 Ngxe5 14. Nxe5 Nxe5 15. d4 cxd4 16. Bxd4 Qc7 17. Nd2 Bf5 18. Ne4 Rad8 19. Bxe5 Qxe5 20. Rae1 Qa5 21. a3 Qc7 22. Qa4 b6 23. Qb5 Qc8 24. Rd1 Qe6 25. Nf2 Rxd1 26. Rxd1 Qe3 27. Kg1 Bf6 28. Qc6 Kg7 29. Qf3 Qc5 30. Rd5 Qc4 31. Rd2 Re8 32. h3 h5 33. h4 Re1+ 34. Kh2 Be5 0-1

[Event "Bekasi Scua op 1st"]
[Site "Bekasi"]
[Date "2022.01.13"]
[Round "2"]
[White "Kaguman"]
[Black "Mahmud, Syarif"]
[Result "0-1"]
[WhiteElo "1805"]
[BlackElo "2149"]
[PlyCount "114"]
[EventDate "2022.01.12"]
[EventType "swiss"]
[EventRounds "9"]
[EventCountry "INA"]
[SourceTitle "CBM 206 Extra"]
[Source "ChessBase"]
[SourceDate "2022.03.31"]
[SourceVersion "1"]
[SourceVersionDate "2022.03.31"]
[SourceQuality "1"]

1. e4 e5 2. Nf3 Nc6 3. Bb5 Nf6 4. 0-0 d6 5. Re1 Bd7 6. c3 Be7 7. d4 0-0 8. h3 h6 9. a4 Re8 10. a5 Bf8 11. a6 bxa6 12. Rxa6 Nxd4 13. Nxd4 exd4 14. Bxd7 Qxd7 15. Qxd4 Qb5 16. Qa4 Qb7 17. Nd2 g6 18. Qc6 Rab8 19. b4 Nd7 20. Nc4 Bg7 21. Bd2 Qxc6 22. Rxc6 Rbc8 23. f3 Nb8 24. Na5 Nxc6 25. Nxc6 a6 26. Ra1 Ra8 27. Kf2 Kf8 28. Ra5 Rec8 29. f4 Ke8 30. e5 Kd7 31. Nd4 c5 32. Nf3 Bf8 33. g4 dxe5 34. Nxe5+ Ke6 35. Nc4 cxb4 36. Nb6 Bc5+ 37. Rxc5 Rxc5 38. cxb4 Rd8 39. bxc5 Rxd2+ 40. Ke3 Rh2 41. Kd4 Rxh3 42. f5+ gxf5 43. gxf5+ Ke7 44. Kd5 Rd3+ 45. Kc6 Kd8 46. Kb7 Rb3 47. c6 Rxb6+ 48. Kxb6 Kc8 49. Kxa6 h5 50. Kb6 h4 51. Kc5 h3 52. Kd6 h2 53. Ke7 h1Q 54. Kxf7 Qh7+ 55. Ke6 Qg8+ 56. Ke7 Qg7+ 57. Ke6 Qf8 0-1

[Event "Barcelona City op 24th"]
[Site "Barcelona"]
[Date "2019.09.30"]
[Round "4"]
[White "Perez Mitjans, Orelvis"]
[Black "Mahmud, Syarif"]
[Result "1-0"]
[WhiteElo "2409"]
[BlackElo "2170"]
[PlyCount "61"]
[EventDate "2019.09.27"]
[EventType "swiss"]
[EventRounds "9"]
[EventCountry "ESP"]
[SourceTitle "EXT 2020"]
[Source "ChessBase"]
[SourceDate "2019.10.17"]
[SourceVersion "1"]
[SourceVersionDate "2019.10.17"]
[SourceQuality "1"]

1. e4 e5 2. Nc3 Nf6 3. g3 Bc5 4. Bg2 0-0 5. Nge2 Nc6 6. 0-0 Re8 7. d3 a6 8. h3 d6 9. Kh2 Nd4 10. f4 c6 11. f5 h6 12. g4 Nxe2 13. Nxe2 d5 14. Qe1 Nh7 15. h4 Be7 16. Kh3 b5 17. Qg3 Bb7 18. Bf3 f6 19. Rg1 Qd7 20. Rg2 b4 21. Kh2 a5 22. Ng1 c5 23. Nh3 Ra6 24. Be3 c4 25. Rag1 cxd3 26. cxd3 dxe4 27. dxe4 Qd3 28. Qe1 Rc6 29. Bd1 Qxe4 30. Bb3+ Kh8 31. Nf2 1-0

[Event "Jakarta op"]
[Site "Jakarta"]
[Date "2018.07.03"]
[Round "8"]
[White "Khadijah, Qurota`Ain"]
[Black "Mahmud, Syarif"]
[Result "1-0"]
[WhiteElo "2026"]
[BlackElo "2159"]
[PlyCount "85"]
[EventDate "2018.06.29"]
[EventType "swiss"]
[EventRounds "9"]
[EventCountry "INA"]
[SourceTitle "CBM 185 Extra"]
[Source "ChessBase"]
[SourceDate "2018.07.29"]
[SourceVersion "1"]
[SourceVersionDate "2018.07.29"]
[SourceQuality "1"]

1. e4 c5 2. Nf3 e6 3. d4 cxd4 4. Nxd4 a6 5. Nc3 Qc7 6. Bd3 Nf6 7. a3 b5 8. 0-0 Bb7 9. Be3 d6 10. f4 Nbd7 11. Nb3 Be7 12. Kh1 Rc8 13. Qe2 0-0 14. Rad1 Rfe8 15. Bg1 Bf8 16. Rfe1 g6 17. e5 Nh5 18. exd6 Bxd6 19. Be4 Bxf4 20. Rf1 Ndf6 21. Bxb7 Qxb7 22. Nc5 Qc6 23. b4 e5 24. Be3 Bxe3 25. Qxe3 Nf4 26. Rd2 Rcd8 27. Rfd1 Rxd2 28. Rxd2 Kg7 29. Kg1 a5 30. N3e4 Nxe4 31. Qxe4 Qxe4 32. Nxe4 axb4 33. axb4 Rc8 34. Nd6 Rb8 35. g3 Ne6 36. Kf2 Kf8 37. Ke3 Ke7 38. Ne4 f5 39. Nc3 Nd4 40. Nd5+ Kd6 41. Nf6 Ra8 42. Kd3 Nf3 43. Rd1 1-0

[Event "Jakarta op"]
[Site "Jakarta"]
[Date "2018.07.01"]
[Round "4"]
[White "Panggabean, Hasian"]
[Black "Mahmud, Syarif"]
[Result "0-1"]
[WhiteElo "2114"]
[BlackElo "2159"]
[PlyCount "42"]
[EventDate "2018.06.29"]
[EventType "swiss"]
[EventRounds "9"]
[EventCountry "INA"]
[SourceTitle "CBM 185 Extra"]
[Source "ChessBase"]
[SourceDate "2018.07.29"]
[SourceVersion "1"]
[SourceVersionDate "2018.07.29"]
[SourceQuality "1"]

1. d4 d6 2. Nf3 Bg4 3. e3 Nd7 4. Be2 e6 5. c4 c6 6. Nc3 Ngf6 7. 0-0 Be7 8. Ne1 Bxe2 9. Qxe2 e5 10. Nf3 0-0 11. Rd1 Qc7 12. b3 Rfe8 13. Bb2 Bf8 14. Rac1 Qa5 15. Qc2 Rad8 16. a3 e4 17. Nd2 Qf5 18. b4 a6 19. Nf1 h5 20. f3 Qg6 21. f4 h4 0-1

[Event "Puchong FF11 IM"]
[Site "Puchong"]
[Date "2017.11.04"]
[Round "2"]
[White "Raja, Rithvik R"]
[Black "Mahmud, Syarif"]
[Result "1-0"]
[WhiteElo "2241"]
[BlackElo "2216"]
[PlyCount "95"]
[EventDate "2017.11.04"]
[EventType "tourn"]
[EventRounds "9"]
[EventCountry "MAS"]
[SourceTitle "CBM 181 Extra"]
[Source "ChessBase"]
[SourceDate "2017.12.12"]
[SourceVersion "1"]
[SourceVersionDate "2017.12.12"]
[SourceQuality "1"]

1. Nf3 Nf6 2. c4 g6 3. g3 Bg7 4. Bg2 0-0 5. Nc3 d6 6. d4 Nbd7 7. 0-0 e5 8. e4 c6 9. h3 Qb6 10. Re1 Re8 11. d5 cxd5 12. cxd5 Nc5 13. Qc2 Bd7 14. Be3 Rec8 15. Rac1 Ne8 16. Qb1 a5 17. Nd2 a4 18. b4 axb3 19. Nxb3 Qa7 20. Bf1 b6 21. Nd2 Rab8 22. Nb5 Qa5 23. Nb3 Qa8 24. Nd2 Qa5 25. Rc2 f5 26. Rb2 Nxe4 27. Nc4 Qa8 28. Nxb6 Rxb6 29. Bxb6 Qxd5 30. Bg2 N8f6 31. a4 Qf7 32. Rc1 Rf8 33. a5 d5 34. a6 f4 35. Bc5 Nxc5 36. Rxc5 f3 37. Bxf3 Bxh3 38. Nd6 Qe6 39. a7 e4 40. Rb8 exf3 41. a8Q Bg2 42. Rxf8+ Bxf8 43. Nf5 gxf5 44. Rc8 Nd7 45. Qc6 Qf7 46. Qh6 Qe7 47. Qd1 Nf6 48. Qg5+ 1-0

[Event "Jakarta Indonesia op 3rd"]
[Site "Jakarta"]
[Date "2013.10.14"]
[Round "7"]
[White "Mahmud, Syarif"]
[Black "Suradiradja, Herman"]
[Result "1-0"]
[WhiteElo "2252"]
[BlackElo "2215"]
[PlyCount "52"]
[EventDate "2013.10.10"]
[EventType "swiss"]
[EventRounds "11"]
[EventCountry "INA"]
[SourceTitle "CBM 156 Extra"]
[Source "ChessBase"]
[SourceDate "2013.10.22"]
[SourceVersion "1"]
[SourceVersionDate "2013.10.22"]
[SourceQuality "1"]

1. Nf3 c5 2. c4 Nf6 3. g3 Nc6 4. Bg2 g6 5. Nc3 Bg7 6. 0-0 d5 7. cxd5 Nxd5 8. Ng5 e6 9. Nge4 Qe7 10. d3 0-0 11. Bg5 f6 12. Bd2 Rd8 13. Qa4 Nd4 14. e3 Nc6 15. Rac1 Ndb4 16. Nxc5 Nxd3 17. Nxd3 Rxd3 18. Rfd1 f5 19. e4 Rd4 20. Qb3 Rb4 21. Qc2 Nd4 22. Qd3 Rxb2 23. Be3 Nc6 24. Nb5 Rxa2 25. Bc5 Qf6 26. e5 Qxe5 1-0

[Event "Jakarta Indonesia op 3rd"]
[Site "Jakarta"]
[Date "2013.10.13"]
[Round "5"]
[White "Mahmud, Syarif"]
[Black "Sonjaya, Deni"]
[Result "0-1"]
[WhiteElo "2252"]
[BlackElo "2265"]
[PlyCount "117"]
[EventDate "2013.10.10"]
[EventType "swiss"]
[EventRounds "11"]
[EventCountry "INA"]
[SourceTitle "CBM 156 Extra"]
[Source "ChessBase"]
[SourceDate "2013.10.22"]
[SourceVersion "1"]
[SourceVersionDate "2013.10.22"]
[SourceQuality "1"]

1. d4 f5 2. c4 Nf6 3. Nc3 d6 4. Nf3 g6 5. g3 Bg7 6. Bg2 0-0 7. 0-0 Qe8 8. b3 h6 9. Ba3 g5 10. e3 c6 11. Rc1 Na6 12. b4 Nc7 13. Re1 Qf7 14. Qe2 Bd7 15. Nd2 Rae8 16. b5 f4 17. bxc6 Bxc6 18. Bxc6 bxc6 19. Rb1 fxg3 20. fxg3 Ne6 21. Rb7 Qg6 22. d5 Nd8 23. Rxa7 h5 24. Rf1 Ng4 25. Rxf8+ Rxf8 26. Nce4 Bf6 27. Ra8 cxd5 28. cxd5 Qf5 29. h3 Qxd5 30. Qc4 Nxe3 31. Nxf6+ exf6 32. Qxd5+ Nxd5 33. Bxd6 Re8 34. a4 Kf7 35. a5 Nc6 36. Rxe8 Kxe8 37. a6 Kd7 38. Bc5 Nc7 39. a7 Ke6 40. Kf2 Kd5 41. Bb6 Na8 42. Be3 Ne5 43. Ke2 Nc6 44. Kd3 h4 45. g4 Ne5+ 46. Ke2 Nf7 47. Nb3 Nd6 48. Kd3 Nc4 49. Bd4 f5 50. gxf5 g4 51. f6 Nd6 52. hxg4 h3 53. Bg1 Ke6 54. Bh2 Nf7 55. Nd4+ Kxf6 56. Ke4 Nb6 57. Bc7 Ng5+ 58. Kd3 Na8 59. Kc4 0-1

[Event "Jakarta Indonesia op 3rd"]
[Site "Jakarta"]
[Date "2013.10.12"]
[Round "3"]
[White "Mahmud, Syarif"]
[Black "Capitelli, Paolo"]
[Result "1/2-1/2"]
[WhiteElo "2252"]
[BlackElo "2089"]
[PlyCount "87"]
[EventDate "2013.10.10"]
[EventType "swiss"]
[EventRounds "11"]
[EventCountry "INA"]
[SourceTitle "CBM 156 Extra"]
[Source "ChessBase"]
[SourceDate "2013.10.22"]
[SourceVersion "1"]
[SourceVersionDate "2013.10.22"]
[SourceQuality "1"]

1. d4 Nf6 2. c4 g6 3. Nc3 Bg7 4. e4 d6 5. Nf3 0-0 6. Be2 e5 7. 0-0 Nc6 8. d5 Ne7 9. Ne1 Nd7 10. Be3 f5 11. f3 f4 12. Bf2 g5 13. b4 Nf6 14. Nd3 Ng6 15. c5 Rf7 16. a4 h5 17. a5 g4 18. b5 g3 19. hxg3 fxg3 20. Bxg3 h4 21. Bh2 Nh5 22. b6 axb6 23. axb6 Rxa1 24. bxc7 Qxc7 25. Qxa1 Ngf4 26. cxd6 Qxc3 27. Qxc3 Nxe2+ 28. Kh1 Nxc3 29. Rc1 Bd7 30. Rxc3 Ng3+ 31. Bxg3 hxg3 32. Rc7 b6 33. Kg1 Bb5 34. f4 exf4 35. e5 f3 36. gxf3 Rxf3 37. e6 Rxd3 38. Rc8+ Kh7 39. d7 Rd1+ 40. Kg2 Bf6 41. Rf8 Bxd7 42. Rxf6 Rxd5 43. exd7 Rxd7 44. Rxb6 1/2-1/2

[Event "Jakarta Indonesia op 2nd"]
[Site "Jakarta"]
[Date "2012.10.12"]
[Round "3"]
[White "Suryanto"]
[Black "Mahmud, Syarif"]
[Result "0-1"]
[WhiteElo "2149"]
[BlackElo "2291"]
[PlyCount "58"]
[EventDate "2012.10.11"]
[EventType "swiss"]
[EventRounds "9"]
[EventCountry "INA"]
[SourceTitle "EXT 2013"]
[Source "ChessBase"]
[SourceDate "2012.11.22"]
[SourceVersion "1"]
[SourceVersionDate "2012.11.22"]
[SourceQuality "1"]

1. c4 Nf6 2. Nc3 g6 3. Nf3 Bg7 4. d4 0-0 5. e4 d6 6. h3 c5 7. Be3 Qa5 8. Qd2 cxd4 9. Nxd4 Nc6 10. Be2 Nxd4 11. Bxd4 Nxe4 12. Qd3 Nxc3 13. Bxc3 Bxc3+ 14. bxc3 Be6 15. 0-0 Rac8 16. Qe3 Rc5 17. Rab1 b6 18. f4 Re8 19. Rf3 Bxc4 20. Rbf1 Bxe2 21. Qxe2 Qb5 22. Qe1 e6 23. Qd2 Rd5 24. Qc1 Rc8 25. g4 Rd3 26. f5 exf5 27. Rxf5 Rg3+ 28. Kh2 Qd3 29. Qh6 Rxc3 0-1

[Event "Budapest FS08 IM-A"]
[Site "Budapest"]
[Date "2012.08.07"]
[Round "4"]
[White "Lengyel, Bela"]
[Black "Mahmud, Syarif"]
[Result "0-1"]
[WhiteElo "2258"]
[BlackElo "2289"]
[PlyCount "114"]
[EventDate "2012.08.04"]
[EventType "tourn"]
[EventRounds "11"]
[EventCountry "HUN"]
[EventCategory "1"]
[SourceTitle "CBM 149 Extra"]
[Source "ChessBase"]
[SourceDate "2012.08.24"]
[SourceVersion "1"]
[SourceVersionDate "2012.08.24"]
[SourceQuality "1"]

1. e4 c5 2. Nf3 e6 3. d4 cxd4 4. Nxd4 a6 5. Bd3 Qc7 6. 0-0 Nf6 7. Qe2 d6 8. c4 Nbd7 9. b3 b6 10. Bb2 Bb7 11. Nc3 g6 12. Rad1 Bg7 13. Bb1 0-0 14. Qd2 Rfd8 15. f3 Rac8 16. Kh1 Nc5 17. Qf2 d5 18. exd5 exd5 19. b4 Ncd7 20. cxd5 Ne5 21. d6 Qc4 22. a3 Rxd6 23. Nce2 Nd5 24. Qg1 a5 25. Rc1 Qa6 26. Rxc8+ Bxc8 27. b5 Qa7 28. Rc1 Bd7 29. a4 Nb4 30. Qe3 Qb8 31. h3 Nd5 32. Qb3 Bh6 33. Rf1 Ne3 34. Rg1 N5c4 35. Bc3 Qc8 36. g4 Qd8 37. Kh2 Bg7 38. Nc6 Qh4 39. Be1 Qf6 40. Be4 Be6 41. Kh1 h6 42. Bg3 Rd2 43. Nf4 Bd7 44. Nd5 Nxd5 45. Qxc4 Nc3 46. Ne5 Ne2 47. Nxd7 Nxg3+ 48. Rxg3 Rxd7 49. Qc8+ Rd8 50. Qc7 Rd2 51. Rg1 Qd4 52. Qb8+ Kh7 53. Qf4 Qf2 54. Qg3 Qd4 55. Qf4 Kg8 56. Qb8+ Bf8 57. g5 Qd7 0-1

[Event "Jakarta Indonesia op 1st"]
[Site "Jakarta"]
[Date "2011.10.13"]
[Round "1"]
[White "Mahmud, Syarif"]
[Black "Li, Chao B"]
[Result "0-1"]
[WhiteElo "2315"]
[BlackElo "2710"]
[PlyCount "98"]
[EventDate "2011.10.13"]
[EventType "swiss"]
[EventRounds "9"]
[EventCountry "INA"]
[SourceTitle "EXT 2012"]
[Source "ChessBase"]
[SourceDate "2011.11.24"]
[SourceVersion "1"]
[SourceVersionDate "2011.11.24"]
[SourceQuality "1"]

1. d4 Nf6 2. c4 g6 3. Nc3 d5 4. Bf4 Bg7 5. e3 0-0 6. Rc1 Be6 7. cxd5 Nxd5 8. Nxd5 Bxd5 9. Nf3 c6 10. a3 Bxf3 11. gxf3 Nd7 12. Bc4 c5 13. dxc5 Bxb2 14. Rc2 Be5 15. Bxe5 Nxe5 16. Qxd8 Rfxd8 17. Ke2 Rac8 18. Rhc1 Rc7 19. f4 Nc6 20. h4 e6 21. h5 Na5 22. hxg6 hxg6 23. Ba2 Kf8 24. Rc3 Ke7 25. Bb1 Rcd7 26. Bd3 f5 27. Rb1 Rc7 28. Rbc1 Kf6 29. e4 e5 30. fxe5+ Kxe5 31. exf5 gxf5 32. f4+ Kf6 33. Rh1 Rd5 34. Bb1 Re7+ 35. Kf3 Rc7 36. Rh6+ Kf7 37. Rh5 Kg6 38. Rg5+ Kf6 39. Rc1 Nc6 40. Rh1 Ne5+ 41. fxe5+ Kxg5 42. Rg1+ Kh6 43. Kf4 Rcxc5 44. Re1 Kg7 45. Kxf5 Rd2 46. Rg1+ Kf7 47. Rf1 Ke7 48. Be4 Rc8 49. Bf3 Rd4 0-1